Oblastný futbal v kocke sezóna 2017/2018 ObFZ Trenčín

Bibliographic Details
Main Author: Jurčo, Martin, 1978- (Author)
Format: Book
Language:Slovak
PhysicalDescription:270 strán farebné fotografie, tabuľky, portréty 23 cm
Published: [Trenčianske Stankovce] Martin Jurčo 2018
ISBN:9788057000136
Edition:Prvé vydanie
Subjects:

MARC

LEADER 00000cam a2200000 4500
001 vtls011767693
003 SK-MaSNL
005 20260302021250.0
008 200316s2018 xo ocl gr 000 0dslo
015 |a SNBA2018/11 
020 |a 9788057000136  |q (brožované) 
035 |a urn:nbn:sk:snk-am00dfdj 
035 |a urn:nbn:sk:snk-am3i0dx 
035 |a E2C04961-FE3B-4F98-8A5C-C17C3F69CC9C 
040 |a SNK  |b slo  |c SNK  |e rda 
041 0 |a slo 
043 |a e-xo--- 
044 |a xo  |c SK 
072 7 |a 796  |x Šport. Hry. Telesné cvičenia  |2 konspekt 
080 |a 796.332  |2 2011 
080 |a 796.332.071.2  |2 2011 
080 |a 796.332:061  |2 2001 
080 |a (437.641)  |2 2011 
080 |a (048.8)  |2 2011 
100 1 |a Jurčo, Martin,  |d 1978-  |4 aut  |9 134565 
245 1 0 |a Oblastný futbal v kocke  |b sezóna 2017/2018 ObFZ Trenčín  |c Martin Jurčo 
250 |a Prvé vydanie 
264 1 |a [Trenčianske Stankovce]  |b Martin Jurčo  |c 2018 
300 |a 270 strán  |b farebné fotografie, tabuľky, portréty  |c 23 cm 
336 |a text  |b txt  |2 rdacontent 
337 |a bez média  |b n  |2 rdamedia 
338 |a zväzok  |b nc  |2 rdacarrier 
500 |a Miesto vydania podľa NA ISBN 
500 |a Biografické údaje 
610 2 7 |a Oblastný futbalový zväz (Trenčín, Slovensko)  |2 SNKKA  |9 244549 
648 7 |a 2017-2018  |2 SNKPH  |9 342050 
650 0 7 |a futbal  |2 SNKPH  |9 3291 
650 0 7 |a futbalisti  |2 SNKPH  |9 43771 
650 0 7 |a futbalové kluby  |2 SNKPH  |9 70395 
650 0 7 |a Football  |2 SNKPHeng  |9 315473 
650 0 7 |a Soccer players  |2 SNKPHeng  |9 288841 
650 0 7 |a Soccer clubs  |2 SNKPHeng  |9 313583 
651 7 |a Trenčín (Slovensko : okres)  |2 SNKPHgeo  |9 75018 
651 7 |a Trenčín (Slovakia : district)  |2 SNKPHeng  |9 169317 
655 7 |a prehľady  |2 SNKPH  |9 70194 
655 7 |a Surveys  |2 SNKPHeng  |9 266058 
852 |a Štátna vedecká knižnica v Banskej Bystrici 
919 |a 978-80-570-0013-6 
999 |c 1028131  |d 1030061 
952 |a SNK  |b SNK  |y PREZ  |7 0  |p 17A1336775  |o snkOSC 28521  |i snk2018/19815  |8 0  |0 0  |1 0  |4 0  |d 2018-10-02  |f 1  |l 0  |r 2026-02-24 13:45:32  |w 2026-02-24 
952 |a SNK  |b SNK  |y VYP  |7 0  |p 17A1336776  |o snkOSC 28521 D1  |i snk2018/19816  |8 0  |0 0  |1 0  |4 0  |d 2018-10-02  |l 0  |r 2026-02-24 13:45:32  |w 2026-02-24